<?xml version="1.0" encoding="UTF-8"?><?xml-stylesheet type="text/xsl" href="static/style.xsl"?><OAI-PMH xmlns="http://www.openarchives.org/OAI/2.0/" xmlns:xsi="http://www.w3.org/2001/XMLSchema-instance" xsi:schemaLocation="http://www.openarchives.org/OAI/2.0/ http://www.openarchives.org/OAI/2.0/OAI-PMH.xsd"><responseDate>2026-06-05T19:51:49Z</responseDate><request verb="GetRecord" identifier="oai:riuma.uma.es:10630/12887" metadataPrefix="marc">https://riuma.uma.es/rest/oai/request</request><GetRecord><record><header><identifier>oai:riuma.uma.es:10630/12887</identifier><datestamp>2026-02-03T12:12:43Z</datestamp><setSpec>com_10630_2254</setSpec><setSpec>col_10630_37959</setSpec></header><metadata><record xmlns="http://www.loc.gov/MARC21/slim" xmlns:dcterms="http://purl.org/dc/terms/" xmlns:doc="http://www.lyncode.com/xoai" xmlns:xsi="http://www.w3.org/2001/XMLSchema-instance" xsi:schemaLocation="http://www.loc.gov/MARC21/slim http://www.loc.gov/standards/marcxml/schema/MARC21slim.xsd">
   <leader>00925njm 22002777a 4500</leader>
   <datafield ind2=" " ind1=" " tag="042">
      <subfield code="a">dc</subfield>
   </datafield>
   <datafield ind2=" " ind1=" " tag="720">
      <subfield code="a">López-Barroso, Diana</subfield>
      <subfield code="e">author</subfield>
   </datafield>
   <datafield ind2=" " ind1=" " tag="720">
      <subfield code="a">Torres-Prioris, María José</subfield>
      <subfield code="e">author</subfield>
   </datafield>
   <datafield ind2=" " ind1=" " tag="720">
      <subfield code="a">Roé-Vellvé, Núria</subfield>
      <subfield code="e">author</subfield>
   </datafield>
   <datafield ind2=" " ind1=" " tag="720">
      <subfield code="a">Thurnhofer-Hemsi, Karl</subfield>
      <subfield code="e">author</subfield>
   </datafield>
   <datafield ind2=" " ind1=" " tag="720">
      <subfield code="a">Paredes-Pacheco, José</subfield>
      <subfield code="e">author</subfield>
   </datafield>
   <datafield ind2=" " ind1=" " tag="720">
      <subfield code="a">López-González, Francisco Javier</subfield>
      <subfield code="e">author</subfield>
   </datafield>
   <datafield ind2=" " ind1=" " tag="720">
      <subfield code="a">Tubío, Javier</subfield>
      <subfield code="e">author</subfield>
   </datafield>
   <datafield ind2=" " ind1=" " tag="720">
      <subfield code="a">Alfaro Rubio, Francisco</subfield>
      <subfield code="e">author</subfield>
   </datafield>
   <datafield ind2=" " ind1=" " tag="720">
      <subfield code="a">Berthier-Torres, Marcelo Luis</subfield>
      <subfield code="e">author</subfield>
   </datafield>
   <datafield ind2=" " ind1=" " tag="720">
      <subfield code="a">Dávila-Arias, María Guadalupe</subfield>
      <subfield code="e">author</subfield>
   </datafield>
   <datafield ind2=" " ind1=" " tag="260">
      <subfield code="c">2017-02-03</subfield>
   </datafield>
   <datafield ind2=" " ind1=" " tag="520">
      <subfield code="a">Introduction: Verbal echoes are commonplace in patients with aphasia, yet information on their cognitive and&#xd;
neural mechanisms remains unexplored (Berthier et al., in press). This study aims to instantiate the concept of&#xd;
echolalia (Berthier et al., 2016) by reappraising its relevance in the frame of modern neuroscience in three&#xd;
different types: (1) automatic echolalia (AE) (parrot-like repetition of all verbal stimuli); (2) mitigated echolalia&#xd;
(ME) (changes in echoes for communicative purposes), and (3) effortful echolalia (EE) (echolalia with&#xd;
articulatory struggling, distorted prosody, and increased effort).&#xd;
Methods: Case-series study of three variants of echolalia in three patients with chronic post-stroke aphasia&#xd;
using cognitive testing and multimodal imaging including structural magnetic resonance imaging (MRI),&#xd;
diffusion tensor imaging (DTI), functional MRI (fMRI) during repetition of words and non-words, and resting&#xd;
state fMRI (rsfMRI). Patient 1 had mixed transcortical aphasia (mutism and nil auditory comprehension with&#xd;
intact repetition). Patient 2 had residual Wernicke’s aphasia with mildly impaired auditory comprehension; and&#xd;
patient 3 had Broca’s aphasia with impaired syntactic comprehension.&#xd;
Results: Patient 1 had severe AE associated with two large lesions in the left dorsolateral and mesial frontal&#xd;
lobe and the left temporo-parietal cortex (isolation of speech area). DTI revealed absent left dorsal and ventral&#xd;
streams and full development of right white matter tracts. Using fMRI and rsfMRI a compensatory activity in both&#xd;
cerebral hemispheres (right greater than left) was found. Patient 2 had ME associated with DTI-proven&#xd;
incomplete damage to the left dorsal stream and complete damaged to the left ventral stream. fMRI and rsfMRI&#xd;
revealed compensatory activity via right hemisphere structures. Patient 3 had EE associated to a large lesion in&#xd;
the left perisylvian language core.&#xd;
Discussion:Our study revealed heterogeneous aphasic profiles and cognitive deficits in the different types of&#xd;
echolalia amongst patients with chronic aphasia. In addition, multimodal imaging showed a complex pattern of&#xd;
network rearrangement in both cerebral hemispheres which depended upon the localization of the structural&#xd;
lesion. Our preliminary findings set out a starting point to advance research on echolalia eventually providing&#xd;
hints for neurorehabilitation.&#xd;
References: Berthier ML et al.. P. Coppens and J. Patterson (Eds.). Jones &amp; Bartlett Learning, Burlington, MA&#xd;
(2016)&#xd;
Berthier ML et al. Aphasiology (2017)</subfield>
   </datafield>
   <datafield ind1="8" ind2=" " tag="024">
      <subfield code="a">http://hdl.handle.net/10630/12887</subfield>
   </datafield>
   <datafield ind1="8" ind2=" " tag="024">
      <subfield code="a">http://orcid.org/0000-0002-3297-4243</subfield>
   </datafield>
   <datafield tag="653" ind2=" " ind1=" ">
      <subfield code="a">Afasia</subfield>
   </datafield>
   <datafield ind2="0" ind1="0" tag="245">
      <subfield code="a">A reappraisal of echolalia in aphasia: A case-series study with multimodal neuroimaging</subfield>
   </datafield>
</record>
</metadata></record></GetRecord></OAI-PMH>